000 00681nam a22002292a 4500
001 25955
003 BD-RjUL
005 20211209050942.0
008 140319s1967 ii 000 0beng d
035 _a(BD-RjUL)26025
040 _aDLC
_cVTU
_dOCL
_dSER
_dEQO
_dBD-RjUL
_beng
041 _aeng
082 _a954.0350924
_bBOG 1967
100 1 _aBose, Nirmal Kumar.
_934637
245 1 0 _aGandhi in Indian politics /
_cby Nirmal Kumar Bose and P.H. Patwardhan
260 _aBombay :
_bLalvani,
_c1967.
300 _axvi, 93 p. ;
_c22 cm
600 1 0 _aGandhi,
_cMahatma,
_d1869-1948.
_979761
700 1 _aPatwardhan, P. H.,
_d1903-
_979757
942 _2ddc
_cBK
999 _c25955
_d25955